Maceo en Santo Domingo / (Record no. 21910)
[ view plain ]
| 000 -CABECERA | |
|---|---|
| campo de control de longitud fija | 00896nam a2200253 a 4500 |
| 001 - NÚMERO DE CONTROL | |
| campo de control | 000022412 |
| 005 - FECHA Y HORA DE LA ÚLTIMA TRANSACCIÓN | |
| campo de control | 20240305073654.0 |
| 008 - DATOS DE LONGITUD FIJA--INFORMACIÓN GENERAL | |
| campo de control de longitud fija | 101008s1978 dr ac 001 0 spa d |
| 020 ## - NÚMERO INTERNACIONAL ESTÁNDAR DEL LIBRO | |
| Número Internacional Estándar del Libro | 8449921511 |
| 040 ## - FUENTE DE LA CATALOGACIÓN | |
| Centro catalogador/agencia de origen | DO-SdBNP |
| Lengua de catalogación | spa |
| Centro/agencia transcriptor | BNPHU |
| 082 ## - NÚMERO DE LA CLASIFICACIÓN DECIMAL DEWEY | |
| Número de clasificación | 972.91 |
| -- | R696M, 1978 |
| 049 ## - FONDOS LOCALES (OCLC) | |
| Fondos de biblioteca | BNPD |
| 100 1# - ENTRADA PRINCIPAL--NOMBRE DE PERSONA | |
| Nombre de persona | Rodríguez Demorizi, Emilio, |
| Fechas asociadas al nombre | 1908-1986 |
| 9 (RLIN) | 1039 |
| 245 10 - MENCIÓN DE TÍTULO | |
| Título | Maceo en Santo Domingo / |
| Mención de responsabilidad, etc. | Emilio Rodríguez Demorizi. |
| 250 ## - MENCIÓN DE EDICIÓN | |
| Mención de edición | 2a ed. |
| 260 ## - PUBLICACIÓN, DISTRIBUCIÓN, ETC. | |
| Lugar de publicación, distribución, etc. | Santo Domingo : |
| Nombre del editor, distribuidor, etc. | Fundación Rodríguez Demorizi, |
| Fecha de publicación, distribución, etc. | 1978. |
| 300 ## - DESCRIPCIÓN FÍSICA | |
| Extensión | 442 p. ; |
| Dimensiones | 24 cm. |
| 490 1# - MENCIÓN DE SERIE | |
| Mención de serie | Fandación Rodríguez Demorizi |
| Designación de volumen o secuencia | 8 |
| 500 ## - NOTA GENERAL | |
| Nota general | Incluye índice onomástico |
| 500 ## - NOTA GENERAL | |
| Nota general | Incluye referencias bibliográficas y notas al pie de las páginas |
| 600 14 - PUNTO DE ACCESO ADICIONAL DE MATERIA--NOMBRE DE PERSONA | |
| Nombre de persona | MACEO, ANTONIO |
| Fechas asociadas al nombre | 1845-1896 |
| 9 (RLIN) | 5593 |
| 651 #4 - PUNTO DE ACCESO ADICIONAL DE MATERIA--NOMBRE GEOGRÁFICO | |
| Nombre geográfico | Cuba |
| Subdivisión general | Historia |
| Subdivisión cronológica | GUERRA DE INDEPENDENCIA, 1895-1898 |
| 9 (RLIN) | 11019 |
| 830 #0 - PUNTO DE ACCESO ADICIONAL DE SERIE-TÍTULO UNIFORME | |
| Título uniforme | Fandación Rodríguez Demorizi |
| Designación de volumen o secuencia | 8 |
| 9 (RLIN) | 46210 |
| Estado de retiro | Estado de pérdida | Restricciones de uso | No para préstamo | Código de colección | Localización permanente | Ubicación/localización actual | Ubicación en estantería | Fecha de adquisición | Número de inventario | Total de préstamos | Signatura topográfica completa | Código de barras | Fecha visto por última vez | Número de copia | Precio válido a partir de | Tipo de ítem Koha | Nota pública |
|---|---|---|---|---|---|---|---|---|---|---|---|---|---|---|---|---|---|
| Dominicana de Servicio | General | General | En catalogación | 09.02.2011 | LF1 | 972.91 R696M, 1978 | 22412-30 | 25.06.2020 | e. 3 | 25.06.2020 | Libro y Folleto Colección Dominicana de Servicio | ||||||
| Dominicana de Servicio | General | General | En catalogación | 09.02.2011 | LF1 | 972.91 R696M, 1978 | 22412-40 | 25.06.2020 | e. 4 | 25.06.2020 | Libro y Folleto Colección Dominicana de Servicio | ||||||
| Dominicana de Servicio | General | General | En catalogación | 09.02.2011 | LF1 | 972.91 R696M, 1978 | 22412-50 | 25.06.2020 | e. 5 | 25.06.2020 | Libro y Folleto Colección Dominicana de Servicio | ||||||
| Excluido de préstamo | Patrimonio Dominicano | Patrimonio Dominicano | Patrimonio Dominicano | Depósito | 08.10.2010 | LF1 | 972.91 R696M, 1978 | 22412-10 | 25.06.2020 | 25.06.2020 | Libro y Folleto Colección Patrimonio Dominicano | Perteneció a la biblioteca personal de Germán Emilio Ornes. | |||||
| Excluido de préstamo | Patrimonio Dominicano | Patrimonio Dominicano | Patrimonio Dominicano | En catalogación | 11.10.2010 | LF1 | 972.91 R696M, 1978 | 22412-20 | 25.06.2020 | e. 2 | 25.06.2020 | Libro y Folleto Colección Patrimonio Dominicano |
